Sabrina Carpenter Lyrics Trivia! - Statistics

General Stats
  • This quiz has been taken 896 times
  • The average score is 9 of 11
Answer Stats
Hint Answer % Correct
Now he's thinkin' 'bout me every night, ohIs it that sweet? I guess so Espresso
96%
Don't bring me to tears when I just did my makeup so nice Please Please Please
96%
Oh, I leave quite an impressionFive feet to be exact Taste
95%
Who's the cute boy with the white jacketAnd the thick accent? Like Bed chem
93%
Your signals are mixed, you act like a bitch Feather
89%
I got death threats filling up semi-trucksTell me who I am, guess I don't have a choice because I liked a boy
83%
I'm talkin' all around clockI'm talkin' hope nobody knocks Nonsense
83%
I don't waste a second, I know lots of guysYou do something suspect, this cute ass "bye-bye" Good Graces
79%
Somewhere in the world there is a father and a mother Thumbs
79%
Don't just stand there staring, honeyTry to move your feet Looking at me
57%
That's my shape, I made the shadowThat's my name, don't wear it out though Sue me
47%
No matching quizzes found
Score Distribution
Percent of People with Each Score
Percentile by Number Answered
Your Score History
You have not taken this quiz